|
|
|
|
| LEADER |
00000nab a2200000 a 4500 |
| 001 |
vtls010511660 |
| 003 |
SK-MaSNL |
| 005 |
20260303191024.0 |
| 008 |
130520c2011 xo r m 100 a0slo |
| 015 |
|
|
|a SNBRA2013/05SVKPO
|
| 038 |
|
|
|a SVKPO
|
| 040 |
|
|
|a SVKPOCL
|b slo
|c SVKPOCL
|e AACR2
|
| 041 |
0 |
|
|a slo
|
| 044 |
|
|
|a xo
|c SK
|
| 080 |
|
|
|a 80(=16)+908(4)
|2 2001
|
| 080 |
|
|
|a 005.745
|2 2001
|
| 080 |
|
|
|a 811.162.4
|2 2001
|
| 080 |
|
|
|a 81’1-051
|2 2001
|
| 080 |
|
|
|a 929
|2 2001
|
| 080 |
|
|
|a 394.46
|2 2001
|
| 080 |
|
|
|a (042.5)
|2 2001
|
| 080 |
|
|
|a (046)
|2 2001
|
| 100 |
1 |
|
|a Sokolová, Miloslava,
|d 1950-
|4 aut
|9 205482
|
| 245 |
1 |
0 |
|a Príhovor jubilantky, alebo, Keď bilancovať, tak bilancovať
|c Miloslava Sokolová
|
| 504 |
|
|
|a Bibliogr. odkazy
|
| 650 |
0 |
7 |
|a slavistika
|2 svkpocl
|9 4282
|
| 650 |
0 |
7 |
|a slovenčina
|2 svkpocl
|9 1350
|
| 650 |
0 |
7 |
|a lingvisti
|2 svkpocl
|9 119182
|
| 650 |
0 |
7 |
|a osobnosti
|2 svkpocl
|9 29820
|
| 650 |
0 |
7 |
|a konferencie
|2 svkpocl
|9 19221
|
| 650 |
0 |
7 |
|a jubileá
|2 svkpocl
|9 29624
|
| 655 |
|
7 |
|a príhovory
|2 svkpocl
|9 75648
|
| 655 |
|
7 |
|a články
|2 svkpocl
|9 70601
|
| 773 |
0 |
|
|t Vidy jazyka a jazykovedy : na počesť Miloslavy Sokolovej /d Prešov : Filozofická fakulta Prešovskej univerzity, 2011
|g S. 7-9
|z 9788055503356
|
| 852 |
|
|
|a SVKPO
|b KIS3GCP
|
| 958 |
|
|
|a SK
|
| 958 |
|
|
|a SS
|
| 958 |
|
|
|a NB
|
| 999 |
|
|
|c 2139107
|d 2141037
|